000 00344nam a22001457a 4500
008 210311b ||||| |||| 00| 0 eng d
020 _a0387963855
041 _aeng
080 _a617
082 _a617
100 _a5
101 _aKIR
245 _aEvaluation and Installation of Surgical Laser Systems
_cApfelberg, D. B
942 _2udc
_cBK
999 _c56449
_d56449